[Event "SK Münster 4 - SK Metelen 1"]
[Site "Verbandsliga 2018/2019"]
[Date "2019.03.16"]
[Round "8.1"]
[White "Koch, Alexander"]
[Black "Janssen, Dirk"]
[Result "1-0"]
[WhiteElo "2000"]
[BlackElo "1962"]
[PlyCount "71"]
[EventDate "2019.??.??"]
[SourceDate "2018.09.09"]

1. e4 e6 2. d4 d5 3. e5 c5 4. c3 Nc6 5. Nf3 Bd7 6. Be2 Nge7 7. O-O Ng6 8. a3
Be7 9. Be3 O-O 10. Nbd2 cxd4 11. cxd4 f6 12. exf6 Bxf6 13. Nb3 b6 14. Rc1 Rc8
15. Bd3 Be8 16. Qd2 h6 17. Rc3 Nh4 18. Nxh4 Bxh4 19. Ba6 Rc7 20. Rfc1 Rcf7 21.
g3 Bg5 22. f4 Be7 23. Rxc6 Bxc6 24. Rxc6 g5 25. Rxe6 gxf4 26. Bxf4 Bg5 27. Rg6+
Rg7 28. Bxg5 hxg5 29. Rxg7+ Kxg7 30. Bd3 Qf6 31. Qe3 Rc8 32. g4 a5 33. Bf5 Rc4
34. Qe5 a4 35. Qxd5 Rc7 36. Nd2 1-0

[Event "SK Münster 4 - SK Metelen 1"]
[Site "Verbandsliga 2018/2019"]
[Date "2019.03.16"]
[Round "8.2"]
[White "Schulz, Stefan"]
[Black "Grotenhuis, Gerard"]
[Result "0-1"]
[WhiteElo "1877"]
[BlackElo "1904"]
[PlyCount "126"]
[EventDate "2019.??.??"]
[SourceDate "2018.09.09"]

1. d4 d5 2. Nf3 c6 3. c4 e6 4. Qc2 f5 5. g3 Nf6 6. Bg2 Bd6 7. Nbd2 O-O 8. Ne5
Nbd7 9. Nd3 Qe8 10. Nf3 Ne4 11. Bf4 Bxf4 12. gxf4 b5 13. c5 a5 14. Nfe5 Ra6 15.
h4 Ndf6 16. f3 Ng3 17. Rh3 Ngh5 18. Kf2 Ra7 19. e3 Bd7 20. Bf1 Qa8 21. Be2 b4
22. Rhh1 Rb8 23. b3 Rf8 24. Nb2 Be8 25. Rag1 Nd7 26. Nbd3 Ndf6 27. Nb2 Nd7 28.
Nbd3 Nxe5 29. Nxe5 a4 30. Qb2 Bd7 31. Ra1 a3 32. Qd2 Rb8 33. Rag1 Be8 34. Nd3
Rab7 35. Rg5 Qa5 36. Qe1 Qd8 37. Kf1 h6 38. Rg2 Kh7 39. Rhg1 Qf6 40. Ne5 g6 41.
Bd3 Rg7 42. Qf2 Bd7 43. Rxg6 Rxg6 44. Rxg6 Qxg6 45. Nxg6 Kxg6 46. Qe1 Nf6 47.
e4 Re8 48. Qxb4 fxe4 49. fxe4 dxe4 50. Be2 Kf5 51. Qxa3 Kxf4 52. Qc1+ e3 53.
Qc4 Ne4 54. Qd3 Rg8 55. Bd1 e5 56. Qa6 Nc3 57. Be2 Bh3+ 58. Ke1 Rg1+ 59. Bf1 e2
60. Kd2 exf1=Q 61. Qxf1+ Rxf1 62. Kxc3 e4 63. b4 e3 0-1

[Event "SK Münster 4 - SK Metelen 1"]
[Site "Verbandsliga 2018/2019"]
[Date "2019.03.16"]
[Round "8.3"]
[White "Zachej, Arne"]
[Black "Spillmann, Peter"]
[Result "1-0"]
[WhiteElo "1834"]
[BlackElo "1881"]
[PlyCount "59"]
[EventDate "2019.??.??"]
[SourceDate "2018.09.09"]

1. d4 e6 2. Nf3 f5 3. g3 d5 4. Bg2 Nf6 5. O-O Bd6 6. c4 c6 7. Qc2 O-O 8. Nc3
Ne4 9. b3 a5 10. Nd2 Qf6 11. Ndxe4 fxe4 12. Be3 Na6 13. f3 exf3 14. Rxf3 Qe7
15. Rxf8+ Qxf8 16. c5 Be7 17. Rf1 Bf6 18. Qd2 Qe7 19. Bf4 Nxc5 20. Kh1 Nd7 21.
e4 Bxd4 22. Qxd4 e5 23. Nxd5 cxd5 24. Qxd5+ Kh8 25. Bxe5 Nf6 26. Qd4 Bd7 27.
Rxf6 Rc8 28. Rf1 Bb5 29. Rd1 Be2 30. Re1 1-0

[Event "SK Münster 4 - SK Metelen 1"]
[Site "Verbandsliga 2018/2019"]
[Date "2019.03.16"]
[Round "8.4"]
[White "Voss, Andreas"]
[Black "Wigger, Frank"]
[Result "1-0"]
[WhiteElo "1848"]
[BlackElo "1812"]
[PlyCount "79"]
[EventDate "2019.??.??"]
[SourceDate "2018.09.09"]

1. d4 Nf6 2. Bg5 Ne4 3. Bf4 d5 4. e3 c5 5. Bd3 Nc6 6. Bxe4 dxe4 7. d5 Nb4 8.
Nc3 Bf5 9. a3 Na6 10. Nge2 Qb6 11. O-O e6 12. Ng3 Rd8 13. Qe2 Nc7 14. Bxc7 Qxc7
15. Rad1 Be7 16. Qb5+ Rd7 17. dxe6 Bxe6 18. Nd5 Qc8 19. Nxe7 Kxe7 20. Nxe4 b6
21. Rxd7+ Qxd7 22. Qxd7+ Bxd7 23. Ng3 Be6 24. Rd1 Rd8 25. Rxd8 Kxd8 26. f4 f6
27. e4 Kd7 28. Kf2 Kc6 29. Nh5 g5 30. f5 Ba2 31. Nxf6 Bb1 32. Nxh7 Kd6 33. Nxg5
Bxc2 34. f6 Bb3 35. e5+ Kxe5 36. f7 Bxf7 37. Nxf7+ Kd4 38. Nd6 Kd5 39. Nc8 b5
40. h4 1-0

[Event "SK Münster 4 - SK Metelen 1"]
[Site "Verbandsliga 2018/2019"]
[Date "2019.03.16"]
[Round "8.5"]
[White "Denkler, Juergen"]
[Black "Schoepper, Oliver"]
[Result "1/2-1/2"]
[WhiteElo "1685"]
[BlackElo "1823"]
[PlyCount "45"]
[EventDate "2019.??.??"]
[SourceDate "2018.09.09"]

1. d4 d5 2. c4 c6 3. Nf3 Nf6 4. Nc3 e6 5. e3 Nbd7 6. Be2 dxc4 7. Bxc4 b5 8. Be2
Bb7 9. O-O Be7 10. Bd2 a6 11. a3 c5 12. Rc1 O-O 13. dxc5 Nxc5 14. b4 Nce4 15.
Nxe4 Nxe4 16. Rc2 Bd5 17. Qb1 Nxd2 18. Nxd2 Qd7 19. Bf3 Rac8 20. Rfc1 Rxc2 21.
Qxc2 Rd8 22. h3 g6 23. Bxd5 1/2-1/2

[Event "SK Münster 4 - SK Metelen 1"]
[Site "Verbandsliga 2018/2019"]
[Date "2019.03.16"]
[Round "8.6"]
[White "Boerger, Andreas"]
[Black "Gravenkoetter, Christian"]
[Result "1-0"]
[WhiteElo "1766"]
[BlackElo "1719"]
[PlyCount "103"]
[EventDate "2019.??.??"]
[SourceDate "2018.09.09"]

1. c4 e5 2. e4 Bc5 3. Nc3 Ne7 4. d3 O-O 5. Be3 Bd4 6. Qd2 c5 7. f4 exf4 8. Bxf4
Ng6 9. Bd6 Re8 10. Nf3 Qb6 11. Bg3 Bxc3 12. Qxc3 f5 13. Nd2 Nc6 14. Be2 Nd4 15.
Bf3 Nxf3+ 16. gxf3 d6 17. O-O-O a5 18. h4 a4 19. h5 Ne5 20. h6 Qb4 21. Kc2
Qxc3+ 22. bxc3 g6 23. Rb1 Ra6 24. exf5 Bxf5 25. Bxe5 Rxe5 26. Ne4 Bxe4 27. dxe4
Re7 28. Kd3 Kf7 29. Ke3 a3 30. Rhg1 Ra4 31. Kd3 Ke6 32. f4 Rf7 33. Rgf1 Ra8 34.
Rb6 Raf8 35. Ke3 Rc8 36. Rfb1 Rcc7 37. e5 Rfd7 38. exd6 Rxd6 39. Rxb7 Rxb7 40.
Rxb7 Rd1 41. Rxh7 Ra1 42. Rg7 Kf6 43. Ra7 Rxa2 44. h7 Rh2 45. Ke4 a2 46. Rxa2
Rxh7 47. Ra6+ Kg7 48. Ra7+ Kh6 49. Rxh7+ Kxh7 50. Kd5 Kh6 51. Kxc5 Kh5 52. Kd5
1-0

[Event "SK Münster 4 - SK Metelen 1"]
[Site "Verbandsliga 2018/2019"]
[Date "2019.03.16"]
[Round "8.7"]
[White "Blanke, Martin"]
[Black "Sokolowski, Cyril"]
[Result "0-1"]
[WhiteElo "1636"]
[BlackElo "1725"]
[PlyCount "62"]
[EventDate "2019.??.??"]
[SourceDate "2018.09.09"]

1. e4 d5 2. exd5 Qxd5 3. Nc3 Qd8 4. h3 Nf6 5. Nf3 Bf5 6. Bc4 e6 7. O-O Be7 8.
d3 c6 9. Ne2 Bg6 10. Nf4 Nd5 11. Bxd5 cxd5 12. c4 dxc4 13. Nxg6 hxg6 14. dxc4
Qc7 15. Qe2 Nc6 16. Re1 Bf6 17. Be3 Rd8 18. Red1 O-O 19. Rab1 Qa5 20. b4 Rxd1+
21. Rxd1 Qxb4 22. Qc2 Rc8 23. Rb1 Qe7 24. Qb3 b6 25. Rd1 Na5 26. Qb5 Nxc4 27.
Rd7 Qe8 28. Bg5 Rc5 29. Qa4 Bxg5 30. Qxa7 Bf6 31. Rb7 Ra5 0-1

[Event "SK Münster 4 - SK Metelen 1"]
[Site "Verbandsliga 2018/2019"]
[Date "2019.03.16"]
[Round "8.8"]
[White "Niermann, Rainer"]
[Black "Focke, Robert"]
[Result "1-0"]
[WhiteElo "1996"]
[BlackElo "1534"]
[PlyCount "49"]
[EventDate "2019.??.??"]
[SourceDate "2018.09.09"]

1. e4 e6 2. d4 d5 3. Nc3 b6 4. e5 c5 5. Nce2 Nc6 6. c3 Nge7 7. Nf3 Nf5 8. h4
Be7 9. Bg5 h6 10. Bxe7 Nfxe7 11. Nf4 O-O 12. Bd3 f5 13. exf6 Rxf6 14. Nh5 Rf7
15. Ne5 Nxe5 16. dxe5 Nf5 17. Qg4 Qe7 18. Qg6 c4 19. Nf6+ Kf8 20. Nh7+ Ke8 21.
Bxf5 exf5 22. Qc6+ Kd8 23. Qxa8 Qxe5+ 24. Kf1 g6 25. Re1 1-0

[Event "SF Beelen 1 - SK Gescher 1"]
[Site "Verbandsliga 2018/2019"]
[Date "2019.03.16"]
[Round "8.1"]
[White "Scho, Christian"]
[Black "Henke, Wolfgang"]
[Result "1-0"]
[WhiteElo "2047"]
[BlackElo "1806"]
[PlyCount "57"]
[EventDate "2019.??.??"]
[SourceDate "2018.09.09"]

1. d4 Nf6 2. Nc3 d5 3. Bf4 e6 4. e3 Be7 5. Nf3 O-O 6. Be2 c5 7. Nb5 Ne8 8. c4
a6 9. Nc3 dxc4 10. dxc5 Qa5 11. Bxc4 Qxc5 12. Bb3 Nc6 13. O-O Nf6 14. Rc1 Qb4
15. a3 Qa5 16. Nd2 Rd8 17. Qc2 Ne5 18. Nc4 Nxc4 19. Bxc4 b5 20. Ba2 Bb7 21. Ne2
Rac8 22. Nc3 Qb6 23. Qe2 Rd7 24. Be5 Qd8 25. Rfd1 h6 26. Bb1 Bd6 27. Bxf6 Qxf6
28. Ne4 Qg6 29. Rxc8+ 1-0

[Event "SF Beelen 1 - SK Gescher 1"]
[Site "Verbandsliga 2018/2019"]
[Date "2019.03.16"]
[Round "8.2"]
[White "Hofene, Dieter"]
[Black "Eissing, Christoph"]
[Result "1-0"]
[WhiteElo "2001"]
[BlackElo "2005"]
[PlyCount "59"]
[EventDate "2019.??.??"]
[SourceDate "2018.09.09"]

1. e4 c6 2. Nf3 d5 3. exd5 cxd5 4. Ne5 Nc6 5. d4 Nf6 6. Bb5 Bd7 7. Bxc6 Bxc6 8.
O-O e6 9. Re1 Qc7 10. Qe2 Bd6 11. Nc3 a6 12. h3 Bb4 13. Bf4 Qe7 14. Bg5 Bxc3
15. bxc3 Rc8 16. c4 dxc4 17. Qxc4 O-O 18. Qb3 h6 19. Bh4 b5 20. Ng4 h5 21.
Nxf6+ gxf6 22. d5 Ba8 23. Qg3+ Kh7 24. Re5 fxe5 25. Bxe7 Rg8 26. Qxe5 Bxd5 27.
Qxh5+ Kg7 28. Re1 Rc7 29. Qg5+ Kh7 30. Qh4+ 1-0

[Event "SF Beelen 1 - SK Gescher 1"]
[Site "Verbandsliga 2018/2019"]
[Date "2019.03.16"]
[Round "8.3"]
[White "Lanfer, Stefanie"]
[Black "Hanewinkel, Winfried"]
[Result "0-1"]
[WhiteElo "1858"]
[BlackElo "1919"]
[PlyCount "66"]
[EventDate "2019.??.??"]
[SourceDate "2018.09.09"]

1. e4 e6 2. d4 d5 3. Nc3 Bb4 4. e5 c5 5. a3 Bxc3+ 6. bxc3 Ne7 7. Qg4 Qc7 8. Bd3
cxd4 9. Ne2 dxc3 10. Qxg7 Rg8 11. Qxh7 Nbc6 12. f4 Bd7 13. a4 O-O-O 14. Qh3 d4
15. O-O Nd5 16. a5 f6 17. Bb5 fxe5 18. Bxc6 Bxc6 19. Qxe6+ Kb8 20. g3 Bb5 21.
fxe5 Bxe2 22. Rf7 Bg4 23. Rxc7 Bxe6 24. Rc5 Nb4 25. Bf4 Nxc2 26. Rb1 Rd7 27.
Rc6 Re8 28. h4 Ka8 29. Rd6 Rxd6 30. exd6 Bd7 31. Kf2 d3 32. Rd1 Re2+ 33. Kf3
Nd4# 0-1

[Event "SF Beelen 1 - SK Gescher 1"]
[Site "Verbandsliga 2018/2019"]
[Date "2019.03.16"]
[Round "8.4"]
[White "Cigelski, Rudolf"]
[Black "Priebs, Ludger"]
[Result "1/2-1/2"]
[WhiteElo "1824"]
[BlackElo "1717"]
[PlyCount "117"]
[EventDate "2019.??.??"]
[SourceDate "2018.09.09"]

1. d4 d5 2. c4 e6 3. Nf3 c5 4. cxd5 exd5 5. Nc3 Nc6 6. Bg5 f6 7. Bf4 a6 8. dxc5
d4 9. Ne4 Bxc5 10. Nxc5 Qa5+ 11. Qd2 Qxc5 12. Rc1 Qb6 13. Bd6 Be6 14. Bc5 Qd8
15. Nxd4 Nxd4 16. Qxd4 Qxd4 17. Bxd4 Bxa2 18. Rc7 Rd8 19. e3 Rd7 20. Rc8+ Rd8
21. Rxd8+ Kxd8 22. Bd3 Bd5 23. e4 Bc6 24. Bb6+ Kc8 25. f4 Ne7 26. Kf2 Ng6 27.
g3 Re8 28. Rc1 Nf8 29. Bxa6 bxa6 30. Rxc6+ Kb7 31. Rd6 Rxe4 32. Bc5 Ne6 33. Be3
Nc7 34. Bd2 Re7 35. Bb4 Rf7 36. Ke3 f5 37. h3 g6 38. Ba5 Re7+ 39. Kf3 Rf7 40.
h4 Nb5 41. Rb6+ Ka7 42. h5 Rg7 43. Rf6 Kb7 44. Kg2 gxh5 45. Kh3 Nd4 46. Bc3 Ne2
47. Be1 Ng1+ 48. Kg2 Ne2 49. Kf3 Ng1+ 50. Kf2 Nh3+ 51. Ke3 Re7+ 52. Kd2 Ng1 53.
Kd1 Rd7+ 54. Kc2 Nf3 55. Bc3 h4 56. gxh4 Nxh4 57. Be5 Nf3 58. Rxf5 Nxe5 59.
fxe5 1/2-1/2

[Event "SF Beelen 1 - SK Gescher 1"]
[Site "Verbandsliga 2018/2019"]
[Date "2019.03.16"]
[Round "8.5"]
[White "Stein, Michael"]
[Black "Hanewinkel, Martin"]
[Result "1/2-1/2"]
[WhiteElo "1734"]
[BlackElo "1811"]
[PlyCount "55"]
[EventDate "2019.??.??"]
[SourceDate "2018.09.09"]

1. d4 Nf6 2. Bf4 g6 3. Nc3 Bg7 4. e4 d6 5. Qd2 c6 6. Bh6 O-O 7. h4 e5 8. Bxg7
Kxg7 9. h5 Nxh5 10. O-O-O Qf6 11. dxe5 dxe5 12. g3 Bg4 13. Be2 Bxe2 14. Ngxe2
Na6 15. Qd7 Nc5 16. Qh3 Qf3 17. Rdf1 Nf6 18. Qh6+ Kg8 19. Ng1 Qg2 20. Nh3 Ng4
21. Qh4 h5 22. Ng5 Nxf2 23. Rhg1 Nfd3+ 24. cxd3 Nxd3+ 25. Kd1 Nxb2+ 26. Kc1
Nd3+ 27. Kd1 Nb2+ 28. Kc1 1/2-1/2

[Event "SF Beelen 1 - SK Gescher 1"]
[Site "Verbandsliga 2018/2019"]
[Date "2019.03.16"]
[Round "8.6"]
[White "Austermann, Reinhold"]
[Black "Brands, Julian"]
[Result "0-1"]
[WhiteElo "1820"]
[BlackElo "1699"]
[PlyCount "106"]
[EventDate "2019.??.??"]
[SourceDate "2018.09.09"]

1. d4 Nf6 2. e3 e6 3. Bd3 b6 4. f4 Bb7 5. Nf3 Be7 6. O-O O-O 7. Nbd2 d5 8. Ne5
c5 9. c3 g6 10. Rf3 Ne4 11. Rh3 f5 12. Ndf3 Nd7 13. Bd2 Bf6 14. Nxd7 Qxd7 15.
Be1 Rf7 16. Bh4 Qd8 17. Bxf6 Nxf6 18. Ne5 Rg7 19. Qe1 Nd7 20. Nf3 Rc8 21. Rh6
Qe7 22. Qg3 Bc6 23. Rf1 c4 24. Bc2 b5 25. Qe1 a5 26. a3 Rb8 27. Ng5 Nf8 28. Qd1
b4 29. axb4 axb4 30. Qd2 bxc3 31. Qxc3 Qb7 32. Rb1 Qb4 33. Qxb4 Rxb4 34. b3
Rgb7 35. Rb2 cxb3 36. Bb1 Rc4 37. Nf3 Ba4 38. Ne1 Nd7 39. Nd3 Rc3 40. Kf2 Bb5
41. Ke2 Nb6 42. Rd2 Nc4 43. Rd1 Nb2 44. Kd2 Nxd1 45. Nc5 Ra7 46. Kxd1 Rxe3 47.
Kd2 Re2+ 48. Kc3 b2 49. Nb3 Bc4 50. Nd2 Rb7 51. Rh3 Re1 52. Bc2 Rc1 53. Nb1 Bb3
0-1

[Event "SF Beelen 1 - SK Gescher 1"]
[Site "Verbandsliga 2018/2019"]
[Date "2019.03.16"]
[Round "8.7"]
[White "Robers, Frank"]
[Black "Fartmann, Franz Josef"]
[Result "0-1"]
[WhiteElo "1637"]
[BlackElo "1782"]
[PlyCount "56"]
[EventDate "2019.??.??"]
[SourceDate "2018.09.09"]

1. e4 c5 2. Nf3 Nc6 3. Nc3 d6 4. d4 cxd4 5. Nxd4 a6 6. Be3 e6 7. Be2 Nf6 8.
Nxc6 bxc6 9. e5 dxe5 10. Qxd8+ Kxd8 11. Bb6+ Ke8 12. O-O-O Nd5 13. Nxd5 exd5
14. Rhe1 Be6 15. Bc7 f6 16. f4 e4 17. c4 Bb4 18. Rf1 Kd7 19. Bb6 Bd6 20. a3
Rhb8 21. Ba5 Ke7 22. cxd5 cxd5 23. Bc3 Rc8 24. Rd4 Bc5 25. Ra4 d4 26. Ba5 Bb3
27. Bd1 Bxa4 28. Bxa4 Bb4+ 0-1

[Event "SF Beelen 1 - SK Gescher 1"]
[Site "Verbandsliga 2018/2019"]
[Date "2019.03.16"]
[Round "8.8"]
[White "Hofene, Josef"]
[Black "Frieske, Hilmar"]
[Result "0-1"]
[WhiteElo "1770"]
[BlackElo "1709"]
[PlyCount "134"]
[EventDate "2019.??.??"]
[SourceDate "2018.09.09"]

1. e4 e5 2. Nf3 Nc6 3. Bc4 Bc5 4. O-O Nf6 5. d3 O-O 6. Nc3 h6 7. a3 d6 8. h3 a6
9. Ne2 Qe8 10. c3 Ba7 11. Ng3 Be6 12. Bxe6 Qxe6 13. Re1 Qd7 14. Be3 Bxe3 15.
Rxe3 Ne7 16. Qc2 Nh7 17. d4 Qe6 18. Rae1 g6 19. R3e2 Rac8 20. Nf1 Ng5 21. Nxg5
hxg5 22. Qc1 f6 23. Nh2 Kg7 24. Ng4 Rh8 25. Qe3 Rh4 26. dxe5 dxe5 27. Rd1 Rch8
28. Red2 Qxg4 29. Qc5 Qe6 30. Rd7 Re8 31. Rxc7 b6 32. Qb4 a5 33. Qb5 Rhh8 34.
Rdd7 Kh6 35. Qd3 Nc8 36. Qg3 Re7 37. Rxe7 Nxe7 38. h4 g4 39. Qe3+ Kg7 40. Rb7
Rc8 41. Rxb6 Rc6 42. Rb7 Qd6 43. Qa7 Kf7 44. Rd7 Qc5 45. Qb7 Re6 46. Qd5 Qxd5
47. exd5 Rb6 48. d6 Ke6 49. Rxe7+ Kxd6 50. Ra7 Rxb2 51. Rxa5 e4 52. c4 Rc2 53.
c5+ Ke5 54. c6+ Kd6 55. Ra6 Ke5 56. Kf1 Kd4 57. c7 Ke5 58. Ra5+ Kd4 59. Ra6 Ke5
60. Ra5+ Kf4 61. Ra6 f5 62. Rxg6 Rxc7 63. Rb6 g3 64. Rb3 Rc1+ 65. Ke2 Rc2+ 66.
Ke1 gxf2+ 67. Kf1 e3 0-1

[Event "SV Heiden 1 - SC Rochade Emsdetten 2"]
[Site "Verbandsliga 2018/2019"]
[Date "2019.03.16"]
[Round "8.1"]
[White "Delere, Adrian"]
[Black "Wienen, Hermann"]
[Result "0-1"]
[WhiteElo "1829"]
[BlackElo "1934"]
[PlyCount "86"]
[EventDate "2019.??.??"]
[SourceDate "2018.09.09"]

1. f4 d5 2. Nf3 Nf6 3. g3 g6 4. Bg2 Bg7 5. O-O O-O 6. d3 c6 7. c3 Nbd7 8. Ne5
Qb6+ 9. d4 Ne8 10. Kh1 Nd6 11. Nd2 Nf6 12. h3 Bf5 13. Qe1 Qc7 14. b3 Nfe4 15.
Nxe4 Bxe4 16. Nf3 c5 17. e3 Rac8 18. Bb2 Bd3 19. Rg1 Ne4 20. Ne5 Bxe5 21. fxe5
f6 22. dxc5 fxe5 23. Rd1 Nf2+ 24. Kh2 Nxd1 25. Bxd5+ Kg7 26. Qxd1 Rf2+ 27. Rg2
Rxg2+ 28. Kxg2 Bb5 29. c4 Bc6 30. Qa1 Bxd5+ 31. cxd5 Qxc5 32. Bxe5+ Kg8 33. Qd4
Qc2+ 34. Kf1 Qb1+ 35. Ke2 Rc2+ 36. Kd3 Rxa2+ 37. Kc4 Rc2+ 38. Kb4 Qe1+ 39. Kb5
Qe2+ 40. Kb4 b6 41. Qa1 Ra2 42. Qd4 a5+ 43. Kc3 Qc2# 0-1

[Event "SV Heiden 1 - SC Rochade Emsdetten 2"]
[Site "Verbandsliga 2018/2019"]
[Date "2019.03.16"]
[Round "8.2"]
[White "Berger, Alfred Josef"]
[Black "Luecke, Thomas"]
[Result "1/2-1/2"]
[WhiteElo "1916"]
[BlackElo "1833"]
[PlyCount "87"]
[EventDate "2019.??.??"]
[SourceDate "2018.09.09"]

1. d4 Nf6 2. Nf3 d5 3. g3 g6 4. Bg2 Bg7 5. c4 c6 6. O-O O-O 7. b3 Bf5 8. Nh4
Be6 9. c5 Qc8 10. Re1 Bh3 11. Bh1 Ne4 12. f3 Nxc5 13. Ba3 Ne6 14. e3 Re8 15.
Nc3 Nd7 16. Rc1 Qd8 17. f4 Nc7 18. Qf3 Nf6 19. Bg2 Bxg2 20. Kxg2 e6 21. g4 Nd7
22. Kg3 a6 23. Bb4 Nb5 24. a4 Nxc3 25. Rxc3 Nf6 26. Rc2 Ne4+ 27. Kh3 Qb6 28.
Bc5 Qxb3 29. Ree2 Nxc5 30. Rxc5 Qxa4 31. Rb2 b5 32. f5 g5 33. Rxc6 gxh4 34. f6
Bh6 35. g5 Bf8 36. Rc7 Rac8 37. Rxf7 Qa3 38. Rd7 Kh8 39. Rxh7+ Kxh7 40. Qh5+
Kg8 41. Qg6+ Kh8 42. Qh5+ Kg8 43. Qg6+ Kh8 44. Qh5+ 1/2-1/2

[Event "SV Heiden 1 - SC Rochade Emsdetten 2"]
[Site "Verbandsliga 2018/2019"]
[Date "2019.03.16"]
[Round "8.3"]
[White "Wissing, Philipp"]
[Black "Ehrlich, Hans Georg"]
[Result "1/2-1/2"]
[WhiteElo "1776"]
[BlackElo "1812"]
[PlyCount "112"]
[EventDate "2019.??.??"]
[SourceDate "2018.09.09"]

1. e4 d5 2. exd5 Qxd5 3. Nf3 Bg4 4. Be2 c6 5. Nc3 Qd8 6. O-O Bxf3 7. Bxf3 e6 8.
d4 Nf6 9. Bg5 Be7 10. Re1 O-O 11. a4 a5 12. Ne2 Nd5 13. Bxe7 Qxe7 14. Bxd5 cxd5
15. Nf4 Qg5 16. Qd2 Nc6 17. Ra3 Qf6 18. Rd3 g6 19. c3 Kh8 20. Rh3 Rad8 21. Nd3
Rfe8 22. Qh6 Qg7 23. Qf4 f6 24. Rhe3 e5 25. dxe5 f5 26. R3e2 Re6 27. Nc5 Re7
28. e6 d4 29. Rd2 b6 30. Nb3 Qf6 31. Nxd4 Nxd4 32. Rxd4 Rde8 33. Qe5 Qxe5 34.
Rxe5 Rxe6 35. Rxe6 Rxe6 36. Kf1 Kg7 37. b4 Rc6 38. bxa5 bxa5 39. Rd5 Rxc3 40.
Rxa5 Kf6 41. Rb5 Rc2 42. g3 Ra2 43. a5 Kg5 44. Kg2 h5 45. Rc5 h4 46. gxh4+ Kxh4
47. Rc6 Kg5 48. a6 Ra3 49. h4+ Kh5 50. f3 Ra4 51. Rc7 Kxh4 52. Rh7+ Kg5 53. a7
Ra2+ 54. Kg3 Ra3 55. Rf7 f4+ 56. Kf2 Ra2+ 1/2-1/2

[Event "SV Heiden 1 - SC Rochade Emsdetten 2"]
[Site "Verbandsliga 2018/2019"]
[Date "2019.03.16"]
[Round "8.4"]
[White "Sicking, Norbert"]
[Black "Noering, Andreas"]
[Result "1/2-1/2"]
[WhiteElo "1799"]
[BlackElo "1829"]
[PlyCount "97"]
[EventDate "2019.??.??"]
[SourceDate "2018.09.09"]

1. d4 d5 2. Nf3 Bf5 3. Nbd2 c6 4. g3 Nf6 5. Bg2 Nbd7 6. O-O e6 7. Re1 h6 8. c3
Bd6 9. c4 O-O 10. b3 Bb4 11. Bb2 Ne4 12. a3 Bc3 13. Qc1 Bxb2 14. Qxb2 Ndf6 15.
Nxe4 Bxe4 16. Ne5 Bxg2 17. Kxg2 Qe7 18. Rac1 Rfd8 19. c5 Nd7 20. Nxd7 Rxd7 21.
f4 Qf6 22. b4 Qf5 23. Qc2 Qxc2 24. Rxc2 a5 25. Rb1 axb4 26. axb4 f6 27. b5 cxb5
28. Rxb5 Rc8 29. Rcb2 Rcc7 30. Kf3 Kf7 31. e4 dxe4+ 32. Kxe4 Ke7 33. g4 g6 34.
h3 f5+ 35. gxf5 gxf5+ 36. Ke3 Kf6 37. Rb6 Kf7 38. h4 Kf6 39. Rg2 Rc6 40. Rxc6
bxc6 41. h5 Rh7 42. Kd3 Ra7 43. Rg6+ Kf7 44. Rxh6 Ra3+ 45. Ke2 Ra2+ 46. Ke3
Ra3+ 47. Ke2 Ra2+ 48. Kd3 Ra3+ 49. Ke2 1/2-1/2

[Event "SV Heiden 1 - SC Rochade Emsdetten 2"]
[Site "Verbandsliga 2018/2019"]
[Date "2019.03.16"]
[Round "8.5"]
[White "Bilecen, Simon"]
[Black "Herdering, Martin"]
[Result "1/2-1/2"]
[WhiteElo "1751"]
[BlackElo "1819"]
[PlyCount "36"]
[EventDate "2019.??.??"]
[SourceDate "2018.09.09"]

1. d4 d5 2. Bf4 Nf6 3. e3 Bf5 4. Nd2 e6 5. Ngf3 h6 6. c3 c6 7. Be2 Nbd7 8. h3
Be7 9. O-O O-O 10. Re1 Ne4 11. Nxe4 Bxe4 12. Nd2 Bh7 13. c4 dxc4 14. Bxc4 Nb6
15. Bb3 Bd6 16. Bxd6 Qxd6 17. Bc2 Bxc2 18. Qxc2 Rfd8 1/2-1/2

[Event "SV Heiden 1 - SC Rochade Emsdetten 2"]
[Site "Verbandsliga 2018/2019"]
[Date "2019.03.16"]
[Round "8.6"]
[White "Kloster, Elisabeth"]
[Black "Hemmers, Dieter"]
[Result "1/2-1/2"]
[WhiteElo "1701"]
[BlackElo "1784"]
[PlyCount "29"]
[EventDate "2019.??.??"]
[SourceDate "2018.09.09"]

1. e4 c5 2. Nf3 Nc6 3. c3 Nf6 4. e5 Nd5 5. d4 cxd4 6. cxd4 e6 7. a3 d6 8. Bc4
Nb6 9. Qe2 Nxc4 10. Qxc4 Bd7 11. O-O Rc8 12. Qd3 Be7 13. Nc3 O-O 14. Be3 d5 15.
Rac1 1/2-1/2

[Event "SV Heiden 1 - SC Rochade Emsdetten 2"]
[Site "Verbandsliga 2018/2019"]
[Date "2019.03.16"]
[Round "8.7"]
[White "Hoppe, Nico"]
[Black "Blobel, Tobias"]
[Result "1/2-1/2"]
[WhiteElo "1652"]
[BlackElo "1656"]
[PlyCount "28"]
[EventDate "2019.??.??"]
[SourceDate "2018.09.09"]

1. e4 e5 2. Nf3 Nf6 3. Nc3 Nc6 4. Bc4 Nxe4 5. Nxe4 d5 6. Bd3 dxe4 7. Bxe4 Bd6
8. O-O Bg4 9. h3 Bh5 10. c3 O-O 11. Qb3 Rb8 12. Qa4 Qe8 13. d3 a6 14. Re1 Ne7
1/2-1/2

[Event "SV Heiden 1 - SC Rochade Emsdetten 2"]
[Site "Verbandsliga 2018/2019"]
[Date "2019.03.16"]
[Round "8.8"]
[White "Wigger, Niklas"]
[Black "Willermann, Norbert"]
[Result "1-0"]
[WhiteElo "1727"]
[BlackElo "1590"]
[PlyCount "141"]
[EventDate "2019.??.??"]
[SourceDate "2018.09.09"]

1. e4 c5 2. Nf3 d6 3. d4 cxd4 4. Nxd4 Nf6 5. Nc3 g6 6. Be3 Bg7 7. Qd2 O-O 8. f3
Nc6 9. O-O-O Bd7 10. Kb1 Qa5 11. g4 Rac8 12. h4 h5 13. gxh5 Nxh5 14. Rg1 Nxd4
15. Bxd4 Bxd4 16. Qxd4 Qc5 17. e5 Bc6 18. exd6 Qxd4 19. Rxd4 exd6 20. Bc4 Kg7
21. f4 f5 22. Rxd6 Nxf4 23. Ne2 Be8 24. Nxf4 Rxc4 25. Ne6+ Kf7 26. Nxf8 Kxf8
27. h5 gxh5 28. Rf6+ Ke7 29. Rxf5 Rg4 30. Re1+ Kd7 31. b3 Bg6 32. Rf2 Rg3 33.
Rh2 Rg5 34. Kb2 Rg3 35. Re5 Kd6 36. Re1 Rg5 37. Rd2+ Kc6 38. Re7 Rg3 39. Rh2
Rg5 40. Rg7 Rg4 41. Rf2 Be4 42. Rxg4 hxg4 43. Rf4 Bf3 44. Kc3 Kc5 45. Kd3 Kd5
46. Ke3 Kc5 47. c3 Bd1 48. Rf1 Bc2 49. Kf4 Bd3 50. Re1 b5 51. Kxg4 a5 52. Kf4
a4 53. Ke3 Bc2 54. bxa4 Bxa4 55. Rb1 Bc2 56. Rb4 Bg6 57. Kd2 Be8 58. Kc2 Bg6+
59. Kb2 Be8 60. Rf4 Bd7 61. Rh4 Be8 62. Rg4 Bd7 63. Rg5+ Kc4 64. Rg7 Be8 65.
Rc7+ Kd5 66. Kb3 Bc6 67. Kb4 Be8 68. a3 Bc6 69. Rg7 Be8 70. Rg5+ Kd6 71. Rxb5
1-0

[Event "TV Borken 1 - SK Dülmen 1"]
[Site "Verbandsliga 2018/2019"]
[Date "2019.03.16"]
[Round "8.1"]
[White "Eiersbrock, Robin"]
[Black "Schulze Schwering, Philipp"]
[Result "1/2-1/2"]
[WhiteElo "2047"]
[BlackElo "2063"]
[PlyCount "104"]
[EventDate "2019.??.??"]
[SourceDate "2018.09.09"]

1. d4 d5 2. c4 e6 3. Nc3 Nf6 4. Nf3 c6 5. e3 Nbd7 6. cxd5 exd5 7. Bd3 Bd6 8.
O-O O-O 9. Rb1 Re8 10. b4 Ne4 11. Qc2 Ndf6 12. b5 Bd7 13. bxc6 bxc6 14. Bb2 Rc8
15. Ne5 Nxc3 16. Bxc3 Ne4 17. Rb7 Bxe5 18. dxe5 Nxc3 19. Qxc3 Rc7 20. Rfb1 c5
21. f4 c4 22. Bc2 Bc6 23. R7b4 f6 24. exf6 Qxf6 25. Qxf6 gxf6 26. Rb8 Rce7 27.
Rxe8+ Rxe8 28. Kf2 Kg7 29. g4 h6 30. h4 Re7 31. Rb8 Rb7 32. Rxb7+ Bxb7 33. Ke2
Bc8 34. g5 fxg5 35. fxg5 hxg5 36. hxg5 Bg4+ 37. Kd2 Bh5 38. Bf5 Bg6 39. Be6 Be4
40. Kc3 Kg6 41. Bc8 Kxg5 42. Ba6 Bd3 43. Bb7 Be4 44. Ba6 Kf5 45. Bxc4 dxc4 46.
Kxc4 Bb7 47. Kc3 Ke4 48. Kb2 Kxe3 49. a4 Kd3 50. a5 Bd5 51. a6 Bc4 52. Ka1 Kc2
1/2-1/2